Christliche Reden 1848

Saved in:
Bibliografiske detaljer
Format: Bog
Sprog:tysk
Udgivet: Düsseldorf Eugen Diederichs 1959
Serier:Gesammelte Werke, 20
Fag:
Tags: Tilføj Tag
Ingen Tags, Vær først til at tagge denne postø!

MARC

LEADER 00000nam a2200000 a 4500
001 UCZ4545
003 CL-VaPUC
008 951110e19590000GW |||||||||||||||||ger|d
082 0 4 |a 142.7  |b KIE  |2 21 
245 1 0 |a Christliche Reden 1848 
300 |a 342 p 
942 |c BK 
945 |d 19951110 00:00:00  |a cmena 
260 |a Düsseldorf  |b Eugen Diederichs  |c 1959 
650 0 |a Existencialismo  |9 265698 
650 0 |a Filosofía danesa  |9 266957 
650 0 |a Teología   |9 258766 
650 0 |a Escuelas filosóficas   |9 266232 
650 0 |a Filosofía cristiana   |9 265980 
583 |a last modification  |c 19951110 00:00:00  |k Rodrigo Vera 
490 0 |a Gesammelte Werke, 20 
999 |c 240917  |d 240915 
952 |0 0  |1 0  |4 0  |6 142_700000000000000_KIE_1959  |7 0  |8 P  |9 253037  |a BIBEDU  |b BIBEDU  |d 2019-11-19  |i 1571451  |o 142.7 KIE 1959  |p 1571451  |r 2025-01-22  |w 2019-11-19  |y BK  |k FIL